[Event "Bangkok Assumption op"]
[Site "Bangkok"]
[Date "2017.03.11"]
[Round "2"]
[White "Rajan, Rohan"]
[Black "Saksaringkarn, Nattawee"]
[Result "0-1"]
[WhiteElo "1141"]
[BlackElo "1605"]
[PlyCount "89"]
[EventDate "2017.03.10"]
[EventType "swiss"]
[EventRounds "9"]
[EventCountry "THA"]
[SourceTitle "EXT 2018"]
[Source "ChessBase"]
[SourceDate "2017.10.13"]
[SourceVersion "1"]
[SourceVersionDate "2017.10.13"]
[SourceQuality "1"]

1. e4 e5 2. Nf3 Nc6 3. Bb5 a6 4. Ba4 b5 5. Bb3 Bd6 6. d3 h6 7. Be3 Bb7 8. a3 Nge7 9. Nbd2 0-0 10. Qe2 Ng6 11. 0-0 Qf6 12. Rfe1 Nd4 13. Qd1 Bc5 14. Ba2 Nxf3+ 15. Qxf3 Qxf3 16. Nxf3 Bxe3 17. Rxe3 Rfe8 18. Rd1 Rad8 19. c3 d5 20. exd5 Bxd5 21. Bxd5 Rxd5 22. Rde1 f6 23. g3 Red8 24. d4 exd4 25. Nxd4 Kf7 26. f4 c5 27. Nc2 Rd2 28. R3e2 Rxe2 29. Rxe2 Ne7 30. Kf2 g5 31. b4 gxf4 32. gxf4 Rd3 33. Re3 Rd2+ 34. Re2 Rxe2+ 35. Kxe2 Nd5 36. c4 cxb4 37. cxd5 b3 38. d6 b2 39. d7 Ke7 40. Nd4 b1Q 41. Nc6+ Kxd7 42. Nb8+ Kd6 43. Nxa6 Qb2+ 44. Kd1 Qxa3 45. Nb8 0-1

[Event "Bangkok Assumption op"]
[Site "Bangkok"]
[Date "2017.03.10"]
[Round "1"]
[White "Calacday, Henry"]
[Black "Rajan, Rohan"]
[Result "1-0"]
[WhiteElo "1837"]
[BlackElo "1141"]
[PlyCount "39"]
[EventDate "2017.03.10"]
[EventType "swiss"]
[EventRounds "9"]
[EventCountry "THA"]
[SourceTitle "EXT 2018"]
[Source "ChessBase"]
[SourceDate "2017.10.13"]
[SourceVersion "1"]
[SourceVersionDate "2017.10.13"]
[SourceQuality "1"]

1. e4 c5 2. Qh5 Nf6 3. Qxc5 Nxe4 4. Qe5 Nf6 5. d4 Nc6 6. Qf4 d5 7. Nc3 a6 8. Bd3 e6 9. Nf3 Bd6 10. Qh4 h6 11. 0-0 Bd7 12. Re1 0-0 13. Bxh6 Nh7 14. Bxh7+ Kxh7 15. Bg5+ Kg8 16. Bxd8 Raxd8 17. Ng5 Rfe8 18. Qh7+ Kf8 19. Qh8+ Ke7 20. Nxd5# 1-0